[Event "NED-ch U16"]
[Site "Almelo"]
[Date "2022.05.05"]
[Round "5"]
[White "Alvares, Thomas"]
[Black "De Heij, Mees"]
[Result "1-0"]
[WhiteElo "1789"]
[BlackElo "1622"]
[PlyCount "101"]
[EventDate "2022.05.01"]
[EventType "swiss"]
[EventRounds "9"]
[EventCountry "NED"]
[SourceTitle "EXT 2023"]
[Source "ChessBase"]
[SourceDate "2022.10.05"]
[SourceVersion "1"]
[SourceVersionDate "2022.10.05"]
[SourceQuality "1"]

1. e4 c5 2. Nc3 Nc6 3. g3 e6 4. Bg2 d6 5. f4 Nge7 6. Nf3 g6 7. 0-0 Bg7 8. d3 0-0 9. h3 e5 10. g4 f6 11. Be3 a6 12. Qd2 b6 13. f5 Nd4 14. fxg6 hxg6 15. Ne2 Nxe2+ 16. Qxe2 Ra7 17. c3 Bd7 18. a4 Bc6 19. Nd2 d5 20. d4 cxd4 21. cxd4 exd4 22. Bxd4 dxe4 23. Qf2 Rd7 24. Bxb6 Rxd2 25. Bxd8 Rxf2 26. Bxe7 Rxf1+ 27. Bxf1 Re8 28. Bc4+ Kh7 29. Bc5 f5 30. gxf5 gxf5 31. Rf1 Kg6 32. a5 e3 33. Be2 Bxb2 34. Rb1 Bf6 35. Rb6 Bb5 36. Kf1 f4 37. Bd4 Rf8 38. Bxb5 axb5 39. Rxf6+ Rxf6 40. Bxf6 Kxf6 41. a6 Ke5 42. a7 Kd4 43. a8Q b4 44. Qc6 b3 45. Ke2 f3+ 46. Qxf3 Kc3 47. Qxe3+ Kb2 48. h4 Ka1 49. h5 b2 50. Qa3+ Kb1 51. Qxb2+ 1-0

[Event "NED-ch U16"]
[Site "Almelo"]
[Date "2022.05.04"]
[Round "4"]
[White "De Heij, Mees"]
[Black "Knol, Daniel"]
[Result "1-0"]
[WhiteElo "1622"]
[BlackElo "1685"]
[PlyCount "111"]
[EventDate "2022.05.01"]
[EventType "swiss"]
[EventRounds "9"]
[EventCountry "NED"]
[SourceTitle "EXT 2023"]
[Source "ChessBase"]
[SourceDate "2022.10.05"]
[SourceVersion "1"]
[SourceVersionDate "2022.10.05"]
[SourceQuality "1"]

1. e4 c5 2. Nf3 e6 3. d4 cxd4 4. Nxd4 Nf6 5. Nc3 Nc6 6. Ndb5 d6 7. Bf4 e5 8. Bg5 a6 9. Na3 b5 10. Nd5 Be7 11. Bxf6 Bxf6 12. c3 Be6 13. Nc2 Bg5 14. Be2 0-0 15. Nce3 Bxe3 16. Nxe3 Rc8 17. 0-0 Ne7 18. a4 Qb6 19. Qd3 Bc4 20. Nxc4 bxc4 21. Qc2 d5 22. exd5 Nxd5 23. Bf3 Nf4 24. Be4 g6 25. g3 Ne6 26. Qe2 Rfd8 27. Bg2 Rd3 28. Rab1 Qd6 29. Rfe1 f6 30. Rbd1 Nc5 31. Qg4 Ne6 32. Be4 Rxd1 33. Rxd1 Qe7 34. Bd5 f5 35. Qe2 e4 36. Bxc4 Kg7 37. Bxa6 Rf8 38. Bb5 Qf6 39. Rd7+ Kh8 40. Bc4 Ng5 41. Qe3 f4 42. gxf4 Nf3+ 43. Kf1 Qf5 44. Rd5 Qh3+ 45. Ke2 Qg4 46. h3 Nd4+ 47. Kd2 Nf3+ 48. Kc2 Qg2 49. Kb3 Rb8+ 50. Rb5 Rd8 51. Kb4 Rd2 52. b3 Qxf2 53. Qxe4 Qe1 54. Qa8+ Kg7 55. Rb7+ Kh6 56. Qf8+ 1-0

[Event "NED-ch U16"]
[Site "Almelo"]
[Date "2022.05.01"]
[Round "1"]
[White "Wage, Sander"]
[Black "De Heij, Mees"]
[Result "1-0"]
[WhiteElo "1859"]
[BlackElo "1622"]
[PlyCount "47"]
[EventDate "2022.05.01"]
[EventType "swiss"]
[EventRounds "9"]
[EventCountry "NED"]
[SourceTitle "EXT 2023"]
[Source "ChessBase"]
[SourceDate "2022.10.05"]
[SourceVersion "1"]
[SourceVersionDate "2022.10.05"]
[SourceQuality "1"]

1. d4 Nf6 2. Bf4 d5 3. e3 Bf5 4. c4 c6 5. Nc3 e6 6. Qb3 Qd7 7. Nf3 Be7 8. Be2 0-0 9. Rc1 Qc8 10. 0-0 Nh5 11. cxd5 Nxf4 12. exf4 exd5 13. Nxd5 Qd7 14. Nxe7+ Qxe7 15. Rfe1 Qc7 16. g3 Rd8 17. Bc4 Bg6 18. Ne5 a5 19. a4 Na6 20. f5 Bxf5 21. Bxf7+ Kh8 22. Qf3 Qc8 23. g4 Be6 24. Ng6+ 1-0

[Event "NED-ch U14 op"]
[Site "Borne"]
[Date "2019.08.10"]
[Round "9"]
[White "Yannopapas, Leontios"]
[Black "De Heij, Mees"]
[Result "1-0"]
[WhiteElo "1329"]
[BlackElo "1617"]
[PlyCount "107"]
[EventDate "2019.08.05"]
[EventType "swiss"]
[EventRounds "9"]
[EventCountry "NED"]
[SourceTitle "EXT 2020"]
[Source "ChessBase"]
[SourceDate "2019.10.17"]
[SourceVersion "1"]
[SourceVersionDate "2019.10.17"]
[SourceQuality "1"]

1. d4 d5 2. Nc3 Bf5 3. Bf4 Nc6 4. f3 Nf6 5. g4 Bg6 6. h4 h6 7. e3 e6 8. a3 a6 9. Bd3 Bxd3 10. Qxd3 Bd6 11. Nge2 Qd7 12. 0-0-0 0-0-0 13. Bxd6 Qxd6 14. Rhg1 Nd7 15. Ng3 Nb6 16. Kb1 Kb8 17. e4 dxe4 18. Qxe4 Nxd4 19. Nce2 c5 20. c3 Nc4 21. cxd4 Qb6 22. Qf4+ Rd6 23. Qc1 Qb5 24. dxc5 Rc6 25. Nd4 Qxc5 26. Nxc6+ bxc6 27. Qc3 Qb5 28. Qb4 Qxb4 29. axb4 Kc7 30. Rge1 Rb8 31. Kc2 Rxb4 32. Kc3 a5 33. Rd4 Nb6 34. Rxb4 Nd5+ 35. Kc4 axb4 36. Ne4 Nf4 37. g5 hxg5 38. Nxg5 Ng2 39. Rh1 Ne3+ 40. Kxb4 Nd5+ 41. Kc4 Ne3+ 42. Kd3 Nd5 43. Nxf7 Nf4+ 44. Ke3 Nd5+ 45. Ke4 Nf6+ 46. Ke5 Kd7 47. Ng5 Ke7 48. Rd1 Nd7+ 49. Rxd7+ Kxd7 50. Nxe6 g6 51. Nf8+ Ke7 52. Nxg6+ Kf7 53. Nf4 Kg7 54. Kd6 1-0

[Event "NED-ch U14 op"]
[Site "Borne"]
[Date "2019.08.09"]
[Round "7"]
[White "De Jong, Mats"]
[Black "De Heij, Mees"]
[Result "1-0"]
[WhiteElo "1356"]
[BlackElo "1617"]
[PlyCount "55"]
[EventDate "2019.08.05"]
[EventType "swiss"]
[EventRounds "9"]
[EventCountry "NED"]
[SourceTitle "EXT 2020"]
[Source "ChessBase"]
[SourceDate "2019.10.17"]
[SourceVersion "1"]
[SourceVersionDate "2019.10.17"]
[SourceQuality "1"]

1. d4 d5 2. c4 c6 3. Nf3 Nf6 4. Nc3 Bf5 5. Bf4 e6 6. e3 Bb4 7. a3 Bd6 8. Bxd6 Qxd6 9. cxd5 exd5 10. Bd3 Bxd3 11. Qxd3 0-0 12. 0-0 Nbd7 13. b4 a6 14. Rfc1 Rfe8 15. Nd2 h6 16. Na4 Rab8 17. Rab1 Ne4 18. Nxe4 Rxe4 19. Nc5 Rg4 20. Qf5 Nf6 21. Nxb7 Rg5 22. Nxd6 Rxf5 23. Nxf5 Kf8 24. Rxc6 Ne8 25. Rbc1 a5 26. Rc8 Rb6 27. R1c6 Rb7 28. Nd6 1-0

[Event "NED-ch U14 op"]
[Site "Borne"]
[Date "2019.08.06"]
[Round "3"]
[White "Klugstedt, Vincent C"]
[Black "De Heij, Mees"]
[Result "1-0"]
[WhiteElo "1850"]
[BlackElo "1617"]
[PlyCount "145"]
[EventDate "2019.08.05"]
[EventType "swiss"]
[EventRounds "9"]
[EventCountry "NED"]
[SourceTitle "EXT 2020"]
[Source "ChessBase"]
[SourceDate "2019.10.17"]
[SourceVersion "1"]
[SourceVersionDate "2019.10.17"]
[SourceQuality "1"]

1. d4 d5 2. c4 c6 3. Nc3 Nf6 4. cxd5 cxd5 5. Nf3 Nc6 6. Bf4 Qb6 7. Qb3 Qxb3 8. axb3 a6 9. e3 Bf5 10. Be2 e6 11. 0-0 Be7 12. Ne5 Nxe5 13. Bxe5 0-0 14. Rfc1 Rac8 15. Na4 Ne4 16. Nb6 Rxc1+ 17. Rxc1 Nd2 18. Rc7 Bb4 19. Rxb7 a5 20. Bd1 Bb1 21. Rc7 Ba2 22. Nd7 Rd8 23. Nc5 Bxc5 24. dxc5 Bxb3 25. Bc3 Bxd1 26. Bxd2 Be2 27. Bxa5 Ra8 28. b4 g6 29. f3 Kg7 30. Kf2 Bb5 31. Rb7 Be8 32. Bc7 Rc8 33. Be5+ Kh6 34. Bd6 Kg5 35. b5 Kf6 36. f4 g5 37. g3 g4 38. c6 Bxc6 39. Be5+ Kg6 40. bxc6 Rxc6 41. Rb2 Kf5 42. h3 gxh3 43. Kf3 h5 44. Rh2 f6 45. Bb8 Rc8 46. Ba7 e5 47. Rxh3 e4+ 48. Ke2 Kg6 49. Kd2 Ra8 50. Bd4 Ra3 51. Rh4 f5 52. Rh1 Ra2+ 53. Kc3 Rg2 54. Ra1 Rxg3 55. Ra6+ Kf7 56. Rf6+ Ke7 57. Rxf5 h4 58. Rxd5 Rh3 59. Bc5+ Ke6 60. Kd4 Rh1 61. Kxe4 h3 62. Re5+ Kd7 63. Kf3 Rg1 64. Rh5 Rh1 65. Kg3 Ke6 66. Rxh3 Rg1+ 67. Kf3 Rf1+ 68. Ke4 Rc1 69. Rh6+ Kd7 70. Bd4 Rb1 71. Kd5 Rb5+ 72. Bc5 Ra5 73. e4 1-0

[Event "NED-ch U14 op"]
[Site "Borne"]
[Date "2019.08.05"]
[Round "1"]
[White "De Heij, Mees"]
[Black "Molanus, Eva"]
[Result "1-0"]
[WhiteElo "1617"]
[BlackElo "1281"]
[PlyCount "35"]
[EventDate "2019.08.05"]
[EventType "swiss"]
[EventRounds "9"]
[EventCountry "NED"]
[SourceTitle "EXT 2020"]
[Source "ChessBase"]
[SourceDate "2019.10.17"]
[SourceVersion "1"]
[SourceVersionDate "2019.10.17"]
[SourceQuality "1"]

1. e4 c5 2. Nf3 d6 3. Nc3 Nf6 4. Bc4 g6 5. 0-0 Bg7 6. h3 0-0 7. d3 Nc6 8. Bg5 Bd7 9. Qd2 Qc7 10. Bxf6 Bxf6 11. Nd5 Qc8 12. Nxf6+ exf6 13. Qh6 Ne5 14. Nxe5 fxe5 15. f4 b5 16. Bd5 Bc6 17. f5 Bxd5 18. f6 1-0